Normal view
MARC view
- Environmental degradation.
Entry Topical Term
001 - CONTROL NUMBER
- control field: 4935
003 - CONTROL NUMBER IDENTIFIER
- control field: NUST
005 - DATE AND TIME OF LATEST TRANSACTION
- control field: 20170925114208.0
008 - FIXED-LENGTH DATA ELEMENTS
- fixed length control field: 170925|| aca||aabn | a|a d
040 ## - CATALOGING SOURCE
- Original cataloging agency: NUST
- Transcribing agency: NUST
150 ## - HEADING--TOPICAL TERM
- Topical term or geographic name entry element: Environmental degradation.
670 ## - SOURCE DATA FOUND
- Source citation: Work cat.: (NUST)328696: Hussain, Mumtaz. 4934, Environmental degradation :, 1998.
